[Event "Verbandsliga Sued Baden 0910"]
[Site "Germany"]
[Date "2009.11.22"]
[Round "3.2"]
[White "Reinhart, Emmanuel"]
[Black "Ketterer, Christian"]
[Result "1-0"]
[WhiteElo "2329"]
[BlackElo "2270"]
[PlyCount "127"]
[EventDate "2009.10.11"]
[EventType "team-tourn"]
[EventRounds "9"]
[EventCountry "GER"]
[SourceTitle "EXT 2011"]
[Source "ChessBase"]
[SourceDate "2010.11.26"]
[SourceVersion "1"]
[SourceVersionDate "2010.11.26"]
[SourceQuality "1"]
[WhiteTeam "Oberwinden"]
[BlackTeam "Donaueschingen"]
[WhiteTeamCountry "GER"]
[BlackTeamCountry "GER"]

1. e4 e5 2. Nf3 Nc6 3. Bb5 a6 4. Ba4 Nf6 5. 0-0 Be7 6. Re1 b5 7. Bb3 0-0 8. h3 d6 9. c3 Na5 10. Bc2 c5 11. d3 Qc7 12. Nbd2 Bd7 13. Nf1 Rfe8 14. Ng3 h6 15. Nh4 Nc6 16. Nhf5 Be6 17. Qf3 Kh7 18. Ne3 g6 19. Nd5 Qd8 20. Nf1 Ng8 21. Nxe7 Qxe7 22. Ne3 Rf8 23. Nd5 Qd8 24. a3 Nce7 25. b4 Rc8 26. Bb3 Bxd5 27. exd5 cxb4 28. cxb4 Rc3 29. Qd1 Nf5 30. Bb2 Rc7 31. a4 bxa4 32. Rxa4 Rb7 33. Qd2 Qb8 34. Bc4 Nf6 35. f4 Nd4 36. fxe5 dxe5 37. Rxa6 Ne8 38. Bc1 Rxb4 39. Qxh6+ Kg8 40. Ba3 Nf5 41. Qd2 Rb6 42. Rxb6 Qxb6+ 43. Qf2 Qxf2+ 44. Kxf2 Ned6 45. g4 Ra8 46. Bb2 Ne7 47. Bxe5 Nec8 48. Ra1 Rxa1 49. Bxa1 Kf8 50. Bd4 Ke7 51. Ba6 Kd7 52. Bxc8+ Kxc8 53. Bc5 Ne8 54. Ke3 Kd7 55. Ke4 f6 56. h4 Nc7 57. h5 f5+ 58. gxf5 gxh5 59. f6 Ke8 60. Bb6 Nb5 61. Ke5 Kd7 62. Bc5 Ke8 63. d6 h4 64. Ke6 1-0

[Event "Verbandsliga Sued Baden 0910"]
[Site "Germany"]
[Date "2009.10.25"]
[Round "2.2"]
[White "Ketterer, Christian"]
[Black "Schuh, Hubert"]
[Result "1/2-1/2"]
[WhiteElo "2270"]
[BlackElo "2292"]
[PlyCount "133"]
[EventDate "2009.10.11"]
[EventType "team-tourn"]
[EventRounds "9"]
[EventCountry "GER"]
[SourceTitle "EXT 2011"]
[Source "ChessBase"]
[SourceDate "2010.11.26"]
[SourceVersion "1"]
[SourceVersionDate "2010.11.26"]
[SourceQuality "1"]
[WhiteTeam "Donaueschingen"]
[BlackTeam "Kuppenheim"]
[WhiteTeamCountry "GER"]
[BlackTeamCountry "GER"]

1. e4 c5 2. Nf3 d6 3. d4 cxd4 4. Nxd4 Nf6 5. Nc3 a6 6. f4 e6 7. Be2 Be7 8. 0-0 0-0 9. Be3 Nc6 10. Bf3 Qc7 11. Kh1 Bd7 12. Nb3 b5 13. a3 Rab8 14. Qd2 Rfd8 15. Qf2 Be8 16. Rae1 a5 17. Nd4 Nxd4 18. Bxd4 b4 19. axb4 axb4 20. Nd1 e5 21. Ba7 Rb7 22. Be3 Bb5 23. Rg1 Ba4 24. c3 Bxd1 25. Rxd1 bxc3 26. Rc1 Qc4 27. Rxc3 Qb4 28. fxe5 dxe5 29. Bc5 Bxc5 30. Qxc5 Nxe4 31. Bxe4 Qxe4 32. Re3 Qd4 33. Qxe5 Qxe5 34. Rxe5 Rxb2 35. Rge1 g6 36. Re8+ Rxe8 37. Rxe8+ Kg7 38. Kg1 h5 39. Re4 g5 40. h4 f6 41. hxg5 fxg5 42. Re6 Rb5 43. g3 Rb3 44. Kg2 Rb2+ 45. Kg1 Rb7 46. Kg2 Rf7 47. Ra6 Rf6 48. Ra5 Kg6 49. Rb5 Re6 50. Kf2 Kf6 51. Ra5 Re5 52. Ra4 Kf5 53. g4+ hxg4 54. Kg3 Re3+ 55. Kg2 Re4 56. Ra8 Re2+ 57. Kg3 Re3+ 58. Kg2 g3 59. Ra4 Rd3 60. Rb4 Ra3 61. Rc4 Kg6 62. Rg4 Kh5 63. Rxg3 Ra2+ 64. Kg1 Kh4 65. Rb3 g4 66. Rc3 g3 67. Rc8 1/2-1/2

[Event "Baden-ch"]
[Site "Oberwinden"]
[Date "2007.04.14"]
[Round "11"]
[White "Ketterer, Christian"]
[Black "Gschnitzer, Oswald"]
[Result "0-1"]
[WhiteElo "2268"]
[BlackElo "2410"]
[PlyCount "116"]
[EventDate "2007.04.06"]
[EventType "swiss"]
[EventRounds "11"]
[EventCountry "GER"]
[SourceTitle "CBM 117 Extra"]
[Source "ChessBase"]
[SourceDate "2007.05.09"]
[SourceVersion "1"]
[SourceVersionDate "2007.05.09"]
[SourceQuality "1"]

1. e4 c5 2. Nf3 d6 3. d4 cxd4 4. Nxd4 Nf6 5. Nc3 Nc6 6. Bg5 e6 7. Qd2 a6 8. 0-0-0 Nxd4 9. Qxd4 Be7 10. f3 b5 11. h4 Qc7 12. Kb1 Bb7 13. g4 Rc8 14. Rc1 h6 15. Bd2 Nd7 16. Bd3 Ne5 17. Qf2 b4 18. Ne2 d5 19. exd5 Bxd5 20. Nd4 Bc5 21. Be3 Qb6 22. Rhe1 0-0 23. Nb3 Bxe3 24. Qxe3 Qxe3 25. Rxe3 Nxf3 26. Rd1 Ra8 27. h5 a5 28. Nc5 Rfd8 29. b3 Kf8 30. Na4 Ng5 31. Nb6 Rab8 32. Nxd5 Rxd5 33. Rf1 Rbd8 34. Rf4 Rd4 35. Rxd4 Rxd4 36. Re5 Rd5 37. Re1 Ke7 38. Kb2 Nf3 39. Re3 Ne5 40. Be2 Kd6 41. Re4 Nc6 42. a3 Rd2 43. Bd3 Rg2 44. axb4 Nxb4 45. Be2 e5 46. Kc1 Kd5 47. Bf3 Rxc2+ 48. Kd1 Rf2 49. Rf4+ Kd6 50. Rxf7 e4 51. Rxg7 exf3 52. g5 hxg5 53. Rxg5 Nc2 54. Rg3 Nd4 55. Ke1 Rh2 56. Rg5 Nc2+ 57. Kf1 Ne3+ 58. Kg1 Re2 0-1

[Event "Verbandsliga Sued Baden 0506"]
[Site "Germany"]
[Date "2006.02.05"]
[Round "6.3"]
[White "Ketterer, Christian"]
[Black "Dobschat, Benjamin"]
[Result "1/2-1/2"]
[WhiteElo "2264"]
[BlackElo "2006"]
[PlyCount "88"]
[EventDate "2005.10.16"]
[EventType "team-tourn"]
[EventRounds "9"]
[EventCountry "GER"]
[SourceTitle "EXT 2007"]
[Source "ChessBase"]
[SourceDate "2006.11.23"]
[SourceVersion "1"]
[SourceVersionDate "2006.11.23"]
[SourceQuality "1"]
[WhiteTeam "Donaueschingen"]
[BlackTeam "Kehl"]
[WhiteTeamCountry "GER"]
[BlackTeamCountry "GER"]

1. e4 e5 2. Nf3 Nc6 3. Bc4 Be7 4. d4 d6 5. h3 Nf6 6. Nc3 0-0 7. 0-0 exd4 8. Nxd4 Bd7 9. Re1 Nxd4 10. Qxd4 Bc6 11. Bg5 Nd7 12. Bxe7 Qxe7 13. Bd5 Bxd5 14. Nxd5 Qd8 15. Rad1 Nb6 16. Ne3 Re8 17. Nf5 f6 18. c4 g6 19. Ne3 Qe7 20. f3 Qe5 21. b4 Rad8 22. Qxe5 dxe5 23. c5 Nd7 24. Rd5 c6 25. Rd6 Nf8 26. Red1 Ne6 27. Kf2 Rxd6 28. Rxd6 Kf7 29. Nc4 Re7 30. Ke3 Rc7 31. h4 Ke7 32. Rd2 Rd7 33. Rxd7+ Kxd7 34. g3 Nd4 35. a3 Ne6 36. f4 exf4+ 37. gxf4 Nd8 38. f5 Nf7 39. Kf4 Ke7 40. fxg6 hxg6 41. e5 Ke6 42. exf6 Kxf6 43. Nd6 Nxd6 44. cxd6 b6 1/2-1/2

[Event "Eppingen op"]
[Site "Eppingen"]
[Date "2004.04.16"]
[Round "10.8"]
[White "Ketterer, Christian"]
[Black "Vatter, Hans Joachim"]
[Result "1/2-1/2"]
[WhiteElo "2271"]
[BlackElo "2299"]
[PlyCount "26"]
[EventDate "2004.04.09"]
[EventType "swiss"]
[EventRounds "11"]
[EventCountry "GER"]
[SourceTitle "CBM 099 Extra"]
[Source "ChessBase"]
[SourceDate "2004.05.04"]
[SourceVersion "1"]
[SourceVersionDate "2004.05.04"]
[SourceQuality "1"]

1. e4 e6 2. d4 d5 3. Nc3 Bb4 4. Nge2 dxe4 5. a3 Be7 6. Nxe4 Nf6 7. N2g3 0-0 8. c3 Nc6 9. Bd3 e5 10. Nxf6+ Bxf6 11. d5 Ne7 12. c4 Ng6 13. 0-0 a5 1/2-1/2

[Event "Eppingen op"]
[Site "Eppingen"]
[Date "2004.04.11"]
[Round "4.5"]
[White "Ketterer, Christian"]
[Black "Dausch, Rene"]
[Result "1/2-1/2"]
[WhiteElo "2271"]
[BlackElo "2331"]
[PlyCount "38"]
[EventDate "2004.04.09"]
[EventType "swiss"]
[EventRounds "11"]
[EventCountry "GER"]
[SourceTitle "CBM 099 Extra"]
[Source "ChessBase"]
[SourceDate "2004.05.04"]
[SourceVersion "1"]
[SourceVersionDate "2004.05.04"]
[SourceQuality "1"]

1. e4 Nf6 2. e5 Nd5 3. c4 Nb6 4. c5 Nd5 5. Bc4 c6 6. Nc3 d6 7. cxd6 exd6 8. Qb3 dxe5 9. Nxd5 cxd5 10. Bxd5 Qc7 11. Nf3 Bd6 12. d4 exd4 13. Nxd4 0-0 14. Nb5 Qe7+ 15. Be3 Bb4+ 16. Nc3 Bc5 17. 0-0 Bxe3 18. fxe3 Nc6 19. e4 Ne5 1/2-1/2

[Event "Eppingen op"]
[Site "Eppingen"]
[Date "2004.04.10"]
[Round "3.5"]
[White "Strohhaeker, Raoul"]
[Black "Ketterer, Christian"]
[Result "1/2-1/2"]
[WhiteElo "2140"]
[BlackElo "2271"]
[PlyCount "63"]
[EventDate "2004.04.09"]
[EventType "swiss"]
[EventRounds "11"]
[EventCountry "GER"]
[SourceTitle "CBM 099 Extra"]
[Source "ChessBase"]
[SourceDate "2004.05.04"]
[SourceVersion "1"]
[SourceVersionDate "2004.05.04"]
[SourceQuality "1"]

1. c4 Nf6 2. Nc3 c6 3. e4 d5 4. cxd5 cxd5 5. e5 d4 6. exf6 dxc3 7. bxc3 exf6 8. Nf3 Qa5 9. Bc4 Be7 10. 0-0 0-0 11. Re1 Nc6 12. Bb2 Bg4 13. h3 Bh5 14. d4 Bd6 15. a4 Ne7 16. Ba3 Bxa3 17. Rxa3 Nd5 18. Rb3 Nb6 19. Bb5 Rac8 20. Re7 a6 21. Rxb7 Nxa4 22. Bxa4 Qxa4 23. Qd3 Bg6 24. Qd2 Be4 25. R7b4 Qc6 26. Ne1 a5 27. Rb6 Qc4 28. f3 Bg6 29. Nc2 Bxc2 30. Qxc2 Qxd4+ 31. cxd4 Rxc2 32. Ra6 1/2-1/2

[Event "Baden-ch BM"]
[Site "Karlsruhe"]
[Date "2003.04.24"]
[Round "9.12"]
[White "Sentef, Nikolaus"]
[Black "Ketterer, Christian"]
[Result "0-1"]
[WhiteElo "2190"]
[BlackElo "2271"]
[PlyCount "62"]
[EventDate "2003.04.18"]
[EventType "swiss"]
[EventRounds "11"]
[EventCountry "GER"]
[SourceTitle "EXT 2004"]
[Source "ChessBase"]
[SourceDate "2003.11.25"]
[SourceVersion "1"]
[SourceVersionDate "2003.11.25"]
[SourceQuality "1"]

1. d4 Nf6 2. Nf3 g6 3. Nbd2 d5 4. e3 Bg7 5. Bd3 b6 6. b4 Bb7 7. a4 0-0 8. Ba3 Nbd7 9. Rc1 Re8 10. 0-0 Ne4 11. c4 e5 12. cxd5 Nxd2 13. Nxd2 exd4 14. e4 a6 15. Bb1 b5 16. Nb3 Nf6 17. f3 Bh6 18. Qxd4 Nxd5 19. Rce1 Ne3 20. Qxd8 Raxd8 21. Rf2 Nc4 22. Bc1 Bg7 23. Rc2 Bc8 24. axb5 axb5 25. Bg5 Rd3 26. Nc1 Ra3 27. Na2 Be6 28. Bc1 Rb3 29. Rxc4 bxc4 30. Bf4 c6 31. e5 Ra8 0-1

[Event "Baden-ch BM"]
[Site "Karlsruhe"]
[Date "2003.04.21"]
[Round "5.4"]
[White "Scherer, Max"]
[Black "Ketterer, Christian"]
[Result "1-0"]
[WhiteElo "2296"]
[BlackElo "2271"]
[PlyCount "133"]
[EventDate "2003.04.18"]
[EventType "swiss"]
[EventRounds "11"]
[EventCountry "GER"]
[SourceTitle "EXT 2004"]
[Source "ChessBase"]
[SourceDate "2003.11.25"]
[SourceVersion "1"]
[SourceVersionDate "2003.11.25"]
[SourceQuality "1"]

1. c4 Nf6 2. g3 e6 3. Bg2 d5 4. Nf3 Be7 5. 0-0 0-0 6. b3 b6 7. Bb2 Bb7 8. d3 c5 9. Qc2 Nc6 10. Nbd2 Rc8 11. Rad1 Qc7 12. Qb1 Rfd8 13. Qa1 Rd7 14. cxd5 exd5 15. Ne5 Rdd8 16. e3 Nxe5 17. Bxe5 Qd7 18. e4 Bc6 19. h3 Qb7 20. Rfe1 dxe4 21. dxe4 Rd7 22. f3 Rcd8 23. Nc4 Ne8 24. Bc3 Qc7 25. Rxd7 Bxd7 26. f4 Bc6 27. Ne3 Qb7 28. Nd5 Bxd5 29. exd5 Bf6 30. Be5 Qe7 31. Kf2 Nd6 32. Qc3 Bxe5 33. Rxe5 Qf6 34. Qe3 g6 35. g4 h6 36. Kg3 Nb5 37. Bf1 Nd4 38. Bc4 Kg7 39. h4 h5 40. g5 Nf5+ 41. Kf2 Qd6 42. Qd2 Nxh4 43. Qc3 Kh7 44. Bd3 Qd7 45. Be4 Qg4 46. Qg3 Qxg3+ 47. Kxg3 Nf5+ 48. Bxf5 gxf5 49. Rxf5 Kg6 50. Re5 b5 51. Kh4 c4 52. f5+ Kg7 53. bxc4 bxc4 54. Kxh5 Rh8+ 55. Kg4 c3 56. d6 Rd8 57. Rc5 Rxd6 58. Rxc3 Ra6 59. Rc7 Kg8 60. Rc2 Ra5 61. f6 Kh7 62. Kh5 Ra3 63. Rc7 Kg8 64. Rc8+ Kh7 65. Rf8 Rxa2 66. Rxf7+ Kg8 67. Rb7 1-0

[Event "Baden-ch BM"]
[Site "Karlsruhe"]
[Date "2003.04.20"]
[Round "4.7"]
[White "Ketterer, Christian"]
[Black "Szenetra, Werner"]
[Result "1-0"]
[WhiteElo "2271"]
[BlackElo "2176"]
[PlyCount "168"]
[EventDate "2003.04.18"]
[EventType "swiss"]
[EventRounds "11"]
[EventCountry "GER"]
[SourceTitle "EXT 2004"]
[Source "ChessBase"]
[SourceDate "2003.11.25"]
[SourceVersion "1"]
[SourceVersionDate "2003.11.25"]
[SourceQuality "1"]

1. e4 g6 2. d4 d6 3. Nc3 Bg7 4. Bc4 Nf6 5. f3 0-0 6. Be3 c6 7. Bb3 b5 8. Nge2 a5 9. a4 b4 10. Nb1 Nbd7 11. Nd2 c5 12. d5 Nb6 13. c4 Nfd7 14. Qc2 Ne5 15. 0-0 e6 16. Ba2 Qe8 17. dxe6 fxe6 18. b3 Nc6 19. Rad1 e5 20. Qc1 Nd7 21. Rf2 Nd4 22. Nf1 Bb7 23. Qd2 Qe6 24. Nc1 Rf7 25. Bb1 Raf8 26. Bd3 Nf6 27. Ng3 h5 28. Nge2 Kh7 29. Rdf1 h4 30. Nxd4 cxd4 31. Bg5 h3 32. g3 Qc8 33. Qe2 Bh6 34. Qd2 Bxg5 35. Qxg5 Kg7 36. Qd2 Nd7 37. Bc2 Qd8 38. Nd3 g5 39. Qe2 Qf6 40. Bb1 Qg6 41. Bc2 Rf6 42. Nc1 Ba8 43. g4 Nc5 44. Qd2 Kh6 45. Qd1 Qf7 46. Qd2 Qe6 47. Qe2 Rf4 48. Bd3 Bc6 49. Bc2 Qc8 50. Bd3 R4f6 51. Qd1 Ne6 52. Ne2 Nf4 53. Nxf4 Rxf4 54. Qe2 Bd7 55. Qd1 Be6 56. Qe2 Kg6 57. Qd1 Rh8 58. Be2 d3 59. Qxd3 Qc5 60. Bd1 Rhf8 61. Qd2 Kg7 62. Bc2 R8f6 63. Bd1 Kf7 64. Qe2 Qd4 65. Bc2 Rxf3 66. c5 Rxf2 67. Rxf2 Qxf2+ 68. Qxf2 Rxf2 69. Kxf2 dxc5 70. Kg3 c4 71. bxc4 Bxc4 72. Kxh3 Ba2 73. Kg3 b3 74. Bd3 b2 75. h4 gxh4+ 76. Kxh4 b1Q 77. Bxb1 Bxb1 78. Kg3 Bxe4 79. Kf2 Bc6 80. Ke3 Ke6 81. Kf2 Bxa4 82. Ke3 Bd1 83. g5 Kf5 84. Kd2 Bh5 1-0

[Event "Baden-ch"]
[Site "Waldshut"]
[Date "2002.04.03"]
[Round "6"]
[White "Ketterer, Christian"]
[Black "Wuehl, Martin"]
[Result "1-0"]
[WhiteElo "2276"]
[BlackElo "2120"]
[PlyCount "173"]
[EventDate "2002.03.29"]
[EventType "swiss"]
[EventRounds "9"]
[EventCountry "GER"]
[SourceTitle "EXT 2003"]
[Source "ChessBase"]
[SourceDate "2002.11.25"]
[SourceVersion "1"]
[SourceVersionDate "2002.11.25"]
[SourceQuality "1"]

1. e4 e6 2. d4 b6 3. Bd3 Bb7 4. Nf3 c5 5. c3 Nf6 6. Qe2 d5 7. e5 Nfd7 8. 0-0 Be7 9. Nbd2 Nc6 10. a3 a5 11. Re1 a4 12. Nf1 Na5 13. Ng3 h5 14. h4 Nb3 15. Rb1 Nxc1 16. Rbxc1 g6 17. Bb5 c4 18. Qc2 Ra5 19. Bxd7+ Kxd7 20. Qd2 Bxh4 21. Qf4 Be7 22. Qxf7 Qg8 23. Qxg8 Rxg8 24. Nh2 Bg5 25. Rc2 Raa8 26. Ne2 Raf8 27. Rf1 Bc6 28. g3 Rf7 29. Kg2 Rgf8 30. Ng1 Be7 31. f3 Kc7 32. Nh3 g5 33. Rcf2 Rg7 34. g4 Rh8 35. f4 hxg4 36. Nxg5 Rg6 37. Nxg4 Rhg8 38. Kg3 Be8 39. Nf6 Bxf6 40. exf6 Rxf6 41. Rh1 Bg6 42. Rh6 Kd6 43. Rfh2 Rgf8 44. Re2 Bf5 45. Rxf6 Rxf6 46. Rh2 Rf8 47. Rh6 Ke7 48. Rh2 b5 49. Kf3 Rc8 50. Rh1 Kf6 51. Rh6+ Kg7 52. Rh1 Kg6 53. Ke3 Kg7 54. Kf3 Rc6 55. Re1 Ra6 56. Ke3 Ra8 57. Rh1 Rg8 58. Rh2 Kf6 59. Kf3 b4 60. axb4 Ra8 61. Rh6+ Ke7 62. Rh1 a3 63. bxa3 Rxa3 64. Rc1 Ra2 65. Ke3 Kd7 66. Kf3 Ra3 67. Kg3 Kc6 68. Kh4 Ra2 69. Nf7 Rg2 70. Ne5+ Kd6 71. Ra1 Kc7 72. Ra5 Rc2 73. Ra3 Rb2 74. Kg5 Rb3 75. Ra5 Rxc3 76. Rc5+ Kb7 77. Nf7 Bd3 78. Nd6+ Kb6 79. Nc8+ Ka6 80. b5+ Ka5 81. b6+ Ka4 82. b7 Rb3 83. Nd6 c3 84. Nb5 c2 85. b8Q c1Q 86. Rxc1 Rxb5 87. Ra1+ 1-0

[Event "Baden VLS 0102"]
[Site "Germany"]
[Date "2001.10.21"]
[Round "2.1"]
[White "Ketterer, Christian"]
[Black "Klaus, Ingo"]
[Result "1-0"]
[WhiteElo "2276"]
[BlackElo "2133"]
[PlyCount "61"]
[EventDate "2001.09.30"]
[EventType "team-tourn"]
[EventRounds "9"]
[EventCountry "GER"]
[SourceTitle "EXT 2003"]
[Source "ChessBase"]
[SourceDate "2002.11.25"]
[SourceVersion "1"]
[SourceVersionDate "2002.11.25"]
[SourceQuality "1"]
[WhiteTeam "Donaueschingen "]
[BlackTeam "Engen"]
[WhiteTeamCountry "GER"]
[BlackTeamCountry "GER"]

1. e4 e6 2. d4 d5 3. e5 c5 4. c3 Qb6 5. Nf3 Nc6 6. Bd3 cxd4 7. cxd4 Bd7 8. Nc3 Nxd4 9. Nxd4 Qxd4 10. 0-0 a6 11. Qe2 Rc8 12. Kh1 Qh4 13. f4 g6 14. Be3 Nh6 15. Qd2 Ng4 16. g3 Qh3 17. Bd4 Bc5 18. Bxc5 Rxc5 19. Rfd1 0-0 20. Bf1 Qh5 21. h3 f6 22. Kg1 Nh6 23. g4 Qh4 24. exf6 Qg3+ 25. Bg2 Bc6 26. Ne2 Qh4 27. Nd4 Bd7 28. Re1 Qxf6 29. f5 Rc4 30. Rad1 e5 31. Bxd5+ 1-0

[Event "Verbandsliga Sued Baden 0001"]
[Site "Germany"]
[Date "2001.02.04"]
[Round "6.1"]
[White "Kaenel, Hansjuerg"]
[Black "Ketterer, Christian"]
[Result "1-0"]
[WhiteElo "2452"]
[BlackElo "2276"]
[PlyCount "79"]
[EventDate "2000.10.??"]
[EventType "team-tourn"]
[EventRounds "8"]
[EventCountry "GER"]
[SourceTitle "EXT 2004"]
[Source "ChessBase"]
[SourceDate "2003.11.25"]
[SourceVersion "1"]
[SourceVersionDate "2003.11.25"]
[SourceQuality "1"]
[WhiteTeam "Dreisamtal"]
[BlackTeam "Donaueschingen"]
[WhiteTeamCountry "GER"]
[BlackTeamCountry "GER"]

1. Nf3 d5 2. e3 Nf6 3. c4 c6 4. d4 Bg4 5. cxd5 Bxf3 6. Qxf3 cxd5 7. Nc3 Nc6 8. Bd2 e6 9. Bd3 Rc8 10. g4 a6 11. g5 Nd7 12. h4 b5 13. Qg2 Nb6 14. b3 Ba3 15. Rd1 Nb4 16. Bb1 Bb2 17. Ne2 Qd6 18. h5 Ke7 19. g6 hxg6 20. hxg6 fxg6 21. Rxh8 Rxh8 22. Nf4 Kd7 23. Qxg6 Re8 24. Qxg7+ Re7 25. Qf6 Kc6 26. Ng6 Rc7 27. Ne5+ Kb7 28. Nf7 Qd7 29. Nd8+ Kc8 30. Nxe6 Nc2+ 31. Bxc2 Rxc2 32. Qf8+ Kb7 33. Nc5+ Rxc5 34. dxc5 Nc8 35. Ba5 d4 36. Qf3+ Ka7 37. exd4 Bxd4 38. Kf1 Qg7 39. Qc6 Qh8 40. Qd7+ 1-0

[Event "Verbandsliga Sued Baden 0001"]
[Site "Germany"]
[Date "2000.10.22"]
[Round "2.1"]
[White "Hund, Barbara"]
[Black "Ketterer, Christian"]
[Result "0-1"]
[WhiteElo "2292"]
[BlackElo "2276"]
[PlyCount "56"]
[EventDate "2000.10.??"]
[EventType "team-tourn"]
[EventRounds "8"]
[EventCountry "GER"]
[SourceTitle "EXT 2004"]
[Source "ChessBase"]
[SourceDate "2003.11.25"]
[SourceVersion "1"]
[SourceVersionDate "2003.11.25"]
[SourceQuality "1"]
[WhiteTeam "Freiburg"]
[BlackTeam "Donaueschingen"]
[WhiteTeamCountry "GER"]
[BlackTeamCountry "GER"]

1. e4 e5 2. Bc4 Nf6 3. d3 Nc6 4. Bg5 Na5 5. Nc3 Nxc4 6. dxc4 h6 7. Bh4 Bc5 8. f4 exf4 9. e5 Qe7 10. Qe2 g5 11. exf6 Qxe2+ 12. Ngxe2 gxh4 13. Nxf4 Kd8 14. Nce2 c6 15. Nd3 Be3 16. Ne5 Rf8 17. Nf3 d6 18. Rd1 h3 19. g3 Kc7 20. Rf1 Bg4 21. Nfd4 Rae8 22. Nf5 Bc1 23. Rf2 Bxb2 24. Nxh6 Be6 25. Nf5 Bxc4 26. Rxd6 Re5 27. Rd4 Bxd4 28. Nfxd4 Rfe8 0-1

[Event "Verbandsliga Sued Baden 9900"]
[Site "Germany"]
[Date "1999.10.17"]
[Round "2.1"]
[White "Ketterer, Christian"]
[Black "Keitlinghaus, Ludger"]
[Result "0-1"]
[WhiteElo "2255"]
[BlackElo "2470"]
[PlyCount "60"]
[EventDate "1999.10.??"]
[EventType "team-tourn"]
[EventRounds "9"]
[EventCountry "GER"]
[SourceTitle "EXT 2004"]
[Source "ChessBase"]
[SourceDate "2003.11.25"]
[SourceVersion "1"]
[SourceVersionDate "2003.11.25"]
[SourceQuality "1"]
[WhiteTeam "Donaueschingen"]
[BlackTeam "Baden Oos"]
[WhiteTeamCountry "GER"]
[BlackTeamCountry "GER"]

1. e4 e6 2. d4 d5 3. e5 c5 4. c3 Qb6 5. Nf3 Nc6 6. Bd3 cxd4 7. cxd4 Bd7 8. Nc3 Nxd4 9. Nxd4 Qxd4 10. 0-0 Qxe5 11. Re1 Qb8 12. Nxd5 Bd6 13. Qg4 Kf8 14. Bd2 h5 15. Qh3 Bc6 16. Nc3 Bf4 17. Bxf4 Qxf4 18. Be4 Nf6 19. Bxc6 bxc6 20. Rad1 Rh6 21. Qd3 Rg6 22. g3 Rg4 23. h3 Rg5 24. Ne4 Nxe4 25. Rxe4 Qf5 26. Qd6+ Kg8 27. Qxc6 Rb8 28. h4 Rxb2 29. Rf1 Rxg3+ 30. fxg3 Qh3 0-1